| 000 | 00000nam##2200000za#4500 |
| 001 | 9.689829 |
| 003 | CaOODSP |
| 005 | 20210624232055 |
| 007 | cr ||||||||||| |
| 008 | 150407|2007||||xxc|||||o f|0| 0 eng|d |
| 020 | |a978-0-662-46099-2 |
| 040 | |aCaOODSP|beng |
| 043 | |an-cn--- |
| 086 | 1 |aCH24-25/2007E-PDF |
| 110 | 1 |aCanada. |bCanadian Heritage. |
| 245 | 10|aProfile of Canadian private galleries and their exporting practices / |h[electronic resource]|cprepared by COMPASS. |
| 260 | |aOttawa - Ontario : |bCanadian Heritage |cJanuary 2007. |
| 300 | |a28p.|btables |
| 500 | |a"COMPAS was commissioned by The Department of Canadian Heritage to construct a representative profile of the current exporting practices of Canadian private galleries... The information contained in this report is intended to aid the Trade Routes program of The Department of Canadian Heritage in providing more effective export-related assistance to Canadian private galleries, by learning where the industry sees the greatest opportunities for export."--Page 4 of 28, 1.1. Background. |
| 590 | |a11-31-Supp|b2011-12-13 |
| 690 | 07|aArt galleries|2gcpds |
| 775 | 08|tProfil des galeries d'art privées canadiennes et de leurs pratiques en matière d'exportation / |w(CaOODSP)9.634226 |
| 856 | 40|ahttp://publications.gc.ca|qPDF|s292 KB|uhttps://publications.gc.ca/collections/collection_2007/ch-pc/CH24-25-2007E.pdf |